| 000 | 00785cam a2200157 4500500 | ||
|---|---|---|---|
| 005 | 20260201121929.0 | ||
| 041 | _afre | ||
| 042 | _adc | ||
| 100 | 1 | 0 |
_aHeriard Dubreuil, Bertrand _eauthor |
| 245 | 0 | 0 | _aSophie Body-Gendrot, Catherine Wihtol de Wenden, Sortir des banlieues, pour en finir avec la tyrannie des territoires, Autrement, Coll. Frontières, 2007, 130 p., 13 € |
| 260 | _c2008. | ||
| 500 | _a31 | ||
| 520 | _aResumé Le projet français veut redonner un élan à des initiatives communes. Mais il est perçu comme concurrent avec le processus engagé par toute l’Europe à Barcelone. | ||
| 786 | 0 | _nRevue Projet | 302 | 1 | 2008-01-01 | p. 092g-094g | 0033-0884 | |
| 856 | 4 | 1 | _uhttps://shs.cairn.info/revue-projet-2008-1-page-092g?lang=fr&redirect-ssocas=7080 |
| 999 |
_c1641953 _d1641953 |
||